Giải quyết tranh chấp đầu tư quốc tế giữa nhà đầu tư nước ngoài và chính phủ nước tiếp nhận - Kinh nghiệm cho Việt Nam : Luận văn Thạc sỹ Luật học. Chuyên ngành Luật Kinh tế
Phân tích, đánh giá và tổng hợp các quy định của pháp luật, các hiệp định, điều ước quốc tế về giải quyết tranh chấp quốc tế trên cơ sở lý luận và nghiên cứu thực tiễn giải quyết tranh chấp giữa nhà đầu tư nước ngoài và chính phu...
Uloženo v:
| Hlavní autor: | |
|---|---|
| Médium: | Kniha |
| Jazyk: | Undetermined |
| Vydáno: |
Cần Thơ
Trường Đại học Cần Thơ
2018
|
| Témata: | |
| Tagy: |
Přidat tag
Žádné tagy, Buďte první, kdo otaguje tento záznam!
|
| Thư viện lưu trữ: | Trung tâm Học liệu Trường Đại học Cần Thơ |
|---|
| LEADER | 01543nam a2200205Ia 4500 | ||
|---|---|---|---|
| 001 | CTU_225573 | ||
| 008 | 210402s9999 xx 000 0 und d | ||
| 082 | |a 346.092 | ||
| 082 | |b Ph431 | ||
| 100 | |a Võ, Hồng Đăng Phong | ||
| 245 | 0 | |a Giải quyết tranh chấp đầu tư quốc tế giữa nhà đầu tư nước ngoài và chính phủ nước tiếp nhận - Kinh nghiệm cho Việt Nam : | |
| 245 | 0 | |b Luận văn Thạc sỹ Luật học. Chuyên ngành Luật Kinh tế | |
| 245 | 0 | |c Võ Hồng Đăng Phong ; Phan Ngọc Tâm (Cán bộ hướng dẫn) | |
| 260 | |a Cần Thơ | ||
| 260 | |b Trường Đại học Cần Thơ | ||
| 260 | |c 2018 | ||
| 520 | |a Phân tích, đánh giá và tổng hợp các quy định của pháp luật, các hiệp định, điều ước quốc tế về giải quyết tranh chấp quốc tế trên cơ sở lý luận và nghiên cứu thực tiễn giải quyết tranh chấp giữa nhà đầu tư nước ngoài và chính phủ nước tiếp nhận đầu tư trên thế giới tại một số quốc gia điển hình từ đó rút ra bài học kinh nghiệm cụ thể cho Việt Nam để giải quyết có hiệu quả các tranh chấp có liên quan. | ||
| 650 | |a Investment law,Luật đầu tư | ||
| 910 | |b nthai | ||
| 980 | |a Trung tâm Học liệu Trường Đại học Cần Thơ | ||